[Event "Neckar op 20th"]
[Site "Deizisau"]
[Date "2023.04.10"]
[Round "9"]
[White "Schmitz, Thorsten"]
[Black "Khadempour, Farhad"]
[Result "1-0"]
[WhiteElo "2266"]
[BlackElo "2141"]
[PlyCount "132"]
[EventDate "2023.04.06"]
[EventType "swiss"]
[EventRounds "9"]
[EventCountry "GER"]
[SourceTitle "CBM 213 Extra"]
[Source "ChessBase"]
[SourceDate "2023.05.31"]
[SourceVersion "1"]
[SourceVersionDate "2023.05.31"]
[SourceQuality "1"]

1. e4 e6 2. d4 d5 3. exd5 exd5 4. Nf3 Nf6 5. Bd3 Bd6 6. Qe2+ Qe7 7. Qxe7+ Kxe7 8. 0-0 Re8 9. Re1+ Kf8 10. Rxe8+ Kxe8 11. Nc3 c6 12. Bd2 Nbd7 13. Re1+ Kf8 14. Ne5 h6 15. h3 Nb6 16. g4 Bd7 17. Kg2 Re8 18. a3 Bc8 19. f4 Nbd7 20. Kf3 Re7 21. Nd1 Kg8 22. Ne3 Nf8 23. h4 Ne8 24. g5 hxg5 25. hxg5 g6 26. c3 Kg7 27. Rh1 Be6 28. Be1 Rc7 29. Bg3 Rc8 30. f5 gxf5 31. Nxf5+ Bxf5 32. Bxf5 Rc7 33. Bf4 Re7 34. Rh6 Bc7 35. Rh2 Bd6 36. Rh6 Bc7 37. Rh2 Bd6 38. Rg2 Ng6 39. Bxg6 fxg6 40. Rh2 Re6 41. Rh6 Bc7 42. a4 c5 43. Nd3 cxd4 44. cxd4 Bxf4 45. Nxf4 Rd6 46. b4 Nc7 47. Nh5+ Kf8 48. Rh8+ Ke7 49. Rh7+ Kd8 50. Nf4 Kc8 51. Rg7 Ne6 52. Rxg6 Nxd4+ 53. Kg4 Rxg6 54. Nxg6 Kd7 55. Nf4 Kd6 56. g6 Nc6 57. Kf5 Ne7+ 58. Kf6 Nxg6 59. Nxg6 a5 60. b5 d4 61. Nf4 b6 62. Kf5 Kc5 63. Ke5 Kc4 64. Ke4 Kc3 65. Nd5+ Kb3 66. Kxd4 Kxa4 1-0

[Event "Deizisau Autumn op 16th"]
[Site "Deizisau"]
[Date "2022.11.01"]
[Round "7"]
[White "Noeldner, Julian"]
[Black "Khadempour, Farhad"]
[Result "1-0"]
[WhiteElo "2035"]
[BlackElo "2181"]
[PlyCount "139"]
[EventDate "2022.10.29"]
[EventType "swiss"]
[EventRounds "7"]
[EventCountry "GER"]
[SourceTitle "EXT 2024"]
[Source "ChessBase"]
[SourceDate "2023.10.10"]
[SourceVersion "1"]
[SourceVersionDate "2023.10.10"]
[SourceQuality "1"]

1. e4 e6 2. d4 d5 3. Nc3 Nf6 4. Bg5 Be7 5. e5 Nfd7 6. h4 h6 7. Bxe7 Qxe7 8. f4 a6 9. Qg4 0-0 10. Nf3 c5 11. dxc5 Nxc5 12. Bd3 Nc6 13. 0-0-0 f5 14. Qg6 Qf7 15. Qxf7+ Rxf7 16. Ne2 Bd7 17. Nfd4 Nb4 18. Kb1 Rc8 19. a3 Nc6 20. Rhf1 h5 21. Rf3 g6 22. Rg3 Rg7 23. Rc1 b5 24. Rf3 Ne7 25. Ka2 Kf7 26. Ng1 Rc7 27. Nh3 Nc8 28. Rff1 Nb6 29. b3 Ke7 30. Ng5 Rg8 31. Rfd1 Rgc8 32. Kb2 Bc6 33. Rh1 Ne4 34. Ngxe6 Rb7 35. Ka1 Bd7 36. Ng5 Rbc7 37. Rhe1 Rc3 38. Kb2 Nf2 39. e6 Be8 40. Bxf5 gxf5 41. Nxf5+ Kf6 42. Nd6 R3c6 43. Nxc8 Nxc8 44. Re2 Ng4 45. Rce1 Ne7 46. Nf3 Nf5 47. c3 Ng3 48. Rd2 Rxe6 49. Rxd5 Ne3 50. Re5 Ngf5 51. Rxe6+ Kxe6 52. Nd4+ Kd7 53. g3 Bf7 54. Nxf5 Nxf5 55. Rd1+ Kc6 56. Rd3 Bg6 57. Kc1 Nxh4 58. Re3 Bf7 59. gxh4 Bxb3 60. Re5 Bf7 61. Kd2 a5 62. Ke3 a4 63. Kd4 Kb6 64. Rf5 Be8 65. Rf6+ Kc7 66. Kc5 Kb7 67. Re6 Bd7 68. Rb6+ Kc7 69. Rxb5 Bxb5 70. Kxb5 1-0

[Event "Oberliga Wuerttemberg 2122"]
[Site "Wuerttemberg"]
[Date "2022.05.15"]
[Round "9.7"]
[White "Khadempour, Farhad"]
[Black "Gheng, Dominik"]
[Result "1-0"]
[WhiteElo "2163"]
[BlackElo "2109"]
[PlyCount "61"]
[EventDate "2021.09.19"]
[EventType "team-tourn"]
[EventRounds "9"]
[EventCountry "GER"]
[SourceTitle "EXT 2024"]
[Source "ChessBase"]
[SourceDate "2023.10.10"]
[SourceVersion "1"]
[SourceVersionDate "2023.10.10"]
[SourceQuality "1"]
[WhiteTeam "Bebenhausen"]
[BlackTeam "Deizisau II"]
[WhiteTeamCountry "GER"]
[BlackTeamCountry "GER"]

1. c4 e5 2. Nc3 Nf6 3. Nf3 Nc6 4. e4 Bc5 5. Nxe5 Nxe5 6. d4 Bb4 7. dxe5 Nxe4 8. Qd4 Nxc3 9. bxc3 Be7 10. Qg4 g6 11. Bh6 c5 12. Be2 d6 13. Qg3 dxe5 14. Rd1 Qb6 15. Bg7 Rg8 16. Bxe5 Bd7 17. 0-0 0-0-0 18. Rb1 Qa6 19. Bf3 Bc6 20. Qh3+ f5 21. Qxh7 Rdf8 22. Bd5 Bxd5 23. cxd5 Bd8 24. f4 b6 25. Rfd1 Qa4 26. Qh3 Qxa2 27. d6 Kd7 28. Ra1 Qe2 29. Re1 Qg4 30. Qh7+ Kc6 31. Rxa7 1-0

[Event "Oberliga Wuerttemberg 1819"]
[Site "Wuerttemberg"]
[Date "2019.02.17"]
[Round "7"]
[White "Hasenohr, Benedict"]
[Black "Khadempour, Farhad"]
[Result "1-0"]
[WhiteElo "2287"]
[BlackElo "2179"]
[PlyCount "77"]
[EventDate "2018.09.23"]
[EventType "team-tourn"]
[EventRounds "9"]
[EventCountry "GER"]
[SourceTitle "EXT 2020"]
[Source "ChessBase"]
[SourceDate "2019.10.17"]
[SourceVersion "1"]
[SourceVersionDate "2019.10.17"]
[SourceQuality "1"]
[WhiteTeam "Weiler im Allgaeu"]
[BlackTeam "Bebenhausen"]
[WhiteTeamCountry "GER"]
[BlackTeamCountry "GER"]

1. d4 Nf6 2. c4 e6 3. Nc3 Bb4 4. Qc2 d5 5. e3 0-0 6. a3 Bxc3+ 7. Qxc3 b6 8. Nf3 Ne4 9. Qc2 Nd7 10. cxd5 exd5 11. Qc6 Rb8 12. Qxd5 Bb7 13. Qc4 c5 14. Be2 Rc8 15. 0-0 cxd4 16. Qxd4 Qe7 17. b3 Rfd8 18. Bb2 f6 19. Qb4 Nec5 20. Rad1 a5 21. Qg4 Be4 22. b4 axb4 23. axb4 Na4 24. Bd4 Nc3 25. Bxc3 Rxc3 26. Nd4 g6 27. Qe6+ Kf8 28. Bc4 Qxe6 29. Nxe6+ Ke7 30. Rd4 Rc8 31. Ba6 Rb8 32. Rxe4 f5 33. Nf4+ fxe4 34. Nd5+ Ke6 35. Nxc3 Ra8 36. Bb7 Ra3 37. Nb5 Ra2 38. Bd5+ Kxd5 39. Nc3+ 1-0

[Event "Oberliga Wuerttemberg 1819"]
[Site "Wuerttemberg"]
[Date "2018.12.02"]
[Round "4"]
[White "Weiss, Andreas"]
[Black "Khadempour, Farhad"]
[Result "1-0"]
[WhiteElo "2189"]
[BlackElo "2179"]
[PlyCount "73"]
[EventDate "2018.09.23"]
[EventType "team-tourn"]
[EventRounds "9"]
[EventCountry "GER"]
[SourceTitle "EXT 2020"]
[Source "ChessBase"]
[SourceDate "2019.10.17"]
[SourceVersion "1"]
[SourceVersionDate "2019.10.17"]
[SourceQuality "1"]
[WhiteTeam "Schwaebisch Gmuend"]
[BlackTeam "Bebenhausen"]
[WhiteTeamCountry "GER"]
[BlackTeamCountry "GER"]

1. e4 e6 2. d4 d5 3. Nd2 c5 4. exd5 Qxd5 5. Ngf3 cxd4 6. Bc4 Qd6 7. 0-0 Nf6 8. Nb3 Nc6 9. Nbxd4 Nxd4 10. Qxd4 Qxd4 11. Nxd4 a6 12. Be2 Bd6 13. Bf3 0-0 14. Nb3 Rb8 15. Rd1 Bc7 16. Be3 b6 17. Nd4 Bb7 18. Bxb7 Rxb7 19. Nc6 Nd5 20. c4 Nxe3 21. fxe3 b5 22. c5 b4 23. Rd4 Rb5 24. Rc1 a5 25. Rd7 Bb8 26. Ne7+ Kh8 27. c6 g6 28. c7 Bxc7 29. Rcxc7 Kg7 30. Nc6 Rf5 31. Nd8 Kf6 32. g4 Rg5 33. Rxf7+ Rxf7 34. Rxf7+ Ke5 35. Rf4 Kd5 36. Rd4+ Ke5 37. Nf7+ 1-0

[Event "Oberliga Wuerttemberg 1718"]
[Site "Wuerttemberg"]
[Date "2018.04.22"]
[Round "9.13"]
[White "Degenhard, Simon"]
[Black "Khadempour, Farhad"]
[Result "0-1"]
[WhiteElo "2189"]
[BlackElo "2168"]
[PlyCount "128"]
[EventDate "2017.09.17"]
[EventType "team-tourn"]
[EventRounds "9"]
[EventCountry "GER"]
[SourceTitle "EXT 2019"]
[Source "ChessBase"]
[SourceDate "2018.10.10"]
[SourceVersion "1"]
[SourceVersionDate "2018.10.10"]
[SourceQuality "1"]
[WhiteTeam "Heilbronn"]
[BlackTeam "Bebenhausen"]
[WhiteTeamCountry "GER"]
[BlackTeamCountry "GER"]

1. d4 Nf6 2. Nf3 e6 3. e3 Be7 4. Bd3 c5 5. 0-0 b6 6. c4 Bb7 7. Nc3 0-0 8. d5 exd5 9. cxd5 d6 10. e4 Nbd7 11. h3 a6 12. a4 Re8 13. Re1 Qc7 14. Bc4 Bf8 15. Bf4 Ne5 16. Nxe5 dxe5 17. Bh2 g6 18. Qd3 Bd6 19. Ra3 Nh5 20. Rb3 Re7 21. Nd1 Nf4 22. Qf1 Bc8 23. Ne3 Qd8 24. Ra1 Rea7 25. Be2 Nxe2+ 26. Qxe2 b5 27. Rba3 c4 28. R3a2 Qe7 29. Qd2 f5 30. exf5 gxf5 31. Qe2 Bc5 32. Nf1 e4 33. Qd2 Bd7 34. axb5 axb5 35. Rxa7 Rxa7 36. d6 Qe6 37. Rxa7 Bxa7 38. Ng3 e3 39. Qa5 exf2+ 40. Kf1 Bd4 41. Ne2 Bxb2 42. Kxf2 Bf6 43. Qc7 Kf7 44. Nf4 Bd4+ 45. Kf1 Qe8 46. Ne2 Bf6 47. Qb7 c3 48. Qc7 Qc8 49. Bf4 b4 50. Nc1 Ke8 51. Ke1 Qa6 52. Qb8+ Kf7 53. Qxb4 Qc6 54. Kf2 c2 55. Qd2 Kg6 56. Qe3 Qc4 57. Kg3 h5 58. Kh2 h4 59. Qd2 Qf1 60. Nb3 Bb2 61. Qe3 Bf6 62. Qd2 Bc6 63. Na5 c1Q 64. Qxc1 Qxg2# 0-1

[Event "Oberliga Wuerttemberg 1617"]
[Site "Wuerttemberg"]
[Date "2017.04.02"]
[Round "10.3"]
[White "Khadempour, Farhad"]
[Black "Lorscheid, Gerhard"]
[Result "0-1"]
[WhiteElo "2177"]
[BlackElo "2253"]
[PlyCount "104"]
[EventDate "2016.09.25"]
[EventType "team-tourn"]
[EventRounds "11"]
[EventCountry "GER"]
[SourceTitle "EXT 2019"]
[Source "ChessBase"]
[SourceDate "2018.10.10"]
[SourceVersion "1"]
[SourceVersionDate "2018.10.10"]
[SourceQuality "1"]
[WhiteTeam "Bebenhausen"]
[BlackTeam "Stuttgart SF"]
[WhiteTeamCountry "GER"]
[BlackTeamCountry "GER"]

1. c4 g6 2. Nc3 Bg7 3. d4 d6 4. Nf3 Nf6 5. Bg5 0-0 6. e3 c6 7. h3 a6 8. Bd3 b5 9. 0-0 Bb7 10. Qe2 Nbd7 11. Rfd1 Re8 12. a3 bxc4 13. Bxc4 c5 14. Rac1 cxd4 15. Nxd4 Qa5 16. Bh4 Rac8 17. f3 d5 18. Ba2 e5 19. Nb3 Qb6 20. Na4 Qa7 21. Qd2 Bc6 22. Nac5 Nb6 23. Na5 Ba8 24. b4 Nfd7 25. Nxd7 Qxd7 26. Bf2 Bh6 27. Qd3 Qb5 28. Qb3 Qe2 29. Bb1 Rxc1 30. Rxc1 e4 31. Rc7 Nc4 32. Nxc4 dxc4 33. Qa4 Rd8 34. Rd7 Rxd7 35. Qxd7 exf3 36. Qe8+ Bf8 37. Qxa8 Qd1+ 38. Kh2 fxg2 39. Kxg2 Qxb1 40. Bh4 Qc2+ 41. Kg3 Qd3 42. Bg5 Kg7 43. Qxa6 Bd6+ 44. Kf2 Qd2+ 45. Kf3 Qd1+ 46. Kf2 c3 47. e4 c2 48. Qc4 Be5 49. Be3 Qh1 50. Bd2 Qh2+ 51. Ke3 Bf4+ 52. Kd4 Qxd2+ 0-1

[Event "Oberliga Wuerttemberg 1617"]
[Site "Wuerttemberg"]
[Date "2016.09.25"]
[Round "1.3"]
[White "Ortmann, David"]
[Black "Khadempour, Farhad"]
[Result "1-0"]
[WhiteElo "2311"]
[BlackElo "2177"]
[PlyCount "63"]
[EventDate "2016.09.25"]
[EventType "team-tourn"]
[EventRounds "11"]
[EventCountry "GER"]
[SourceTitle "EXT 2019"]
[Source "ChessBase"]
[SourceDate "2018.10.10"]
[SourceVersion "1"]
[SourceVersionDate "2018.10.10"]
[SourceQuality "1"]
[WhiteTeam "Boeblingen"]
[BlackTeam "Bebenhausen"]
[WhiteTeamCountry "GER"]
[BlackTeamCountry "GER"]

1. Nf3 c5 2. c4 Nf6 3. d4 cxd4 4. Nxd4 Nc6 5. Nc3 e6 6. a3 Be7 7. e4 0-0 8. Nf3 d6 9. Be2 a6 10. 0-0 Qc7 11. Bf4 Rd8 12. Rc1 Bd7 13. b4 Be8 14. Qb3 Rac8 15. Rfd1 Qb8 16. h3 h6 17. Bf1 g5 18. Bg3 b6 19. c5 bxc5 20. Bxa6 Rc7 21. e5 dxe5 22. Rxd8 Qxd8 23. b5 c4 24. Qb2 Ra7 25. Nxe5 Nb8 26. Rd1 Nd5 27. Nxc4 Nxa6 28. bxa6 Rxa6 29. Nxd5 exd5 30. Qb7 Re6 31. Rxd5 Re1+ 32. Kh2 1-0

[Event "Oberliga Wuerttemberg 1516"]
[Site "Wuerttemberg"]
[Date "2016.02.21"]
[Round "7.6"]
[White "Donev, Ivo Hristov"]
[Black "Khadempour, Farhad"]
[Result "1/2-1/2"]
[WhiteElo "2331"]
[BlackElo "2162"]
[PlyCount "61"]
[EventDate "2015.09.20"]
[EventType "team-tourn"]
[EventRounds "9"]
[EventCountry "GER"]
[SourceTitle "EXT 2019"]
[Source "ChessBase"]
[SourceDate "2018.10.10"]
[SourceVersion "1"]
[SourceVersionDate "2018.10.10"]
[SourceQuality "1"]
[WhiteTeam "Jedesheim"]
[BlackTeam "Bebenhausen"]
[WhiteTeamCountry "GER"]
[BlackTeamCountry "GER"]

1. e4 e5 2. Nf3 Nc6 3. Bb5 a6 4. Bxc6 dxc6 5. Nc3 f6 6. d4 exd4 7. Nxd4 c5 8. Nde2 Qxd1+ 9. Nxd1 Be6 10. Bf4 0-0-0 11. Ne3 Ne7 12. Rd1 Rxd1+ 13. Kxd1 g5 14. Bg3 f5 15. Be5 Rg8 16. exf5 Nxf5 17. Nxf5 Bxf5 18. Ng3 Bd7 19. h3 Bc6 20. f3 Rg6 21. Re1 Re6 22. Bc3 Kd7 23. Rxe6 Kxe6 24. Ke2 b5 25. Ne4 Be7 26. Ba5 Kd7 27. Bd2 h6 28. h4 gxh4 29. Bxh6 Bd5 30. Nc3 Kc6 31. a3 1/2-1/2

[Event "Reutlingen op 20th"]
[Site "Reutlingen"]
[Date "2015.05.23"]
[Round "3"]
[White "Lanka, Zigurds"]
[Black "Khadempour, Farhad"]
[Result "1-0"]
[WhiteElo "2413"]
[BlackElo "2166"]
[PlyCount "75"]
[EventDate "2015.05.22"]
[EventType "swiss"]
[EventRounds "7"]
[EventCountry "GER"]
[SourceTitle "EXT 2016"]
[Source "ChessBase"]
[SourceDate "2015.10.08"]
[SourceVersion "1"]
[SourceVersionDate "2015.10.08"]
[SourceQuality "1"]

1. e4 c6 2. d4 d5 3. exd5 cxd5 4. c4 Nf6 5. Nc3 g6 6. cxd5 Bg7 7. Bc4 0-0 8. Nge2 Nbd7 9. Nf4 a6 10. a4 Nb6 11. Bb3 Bf5 12. a5 Nc8 13. 0-0 Nd6 14. Re1 Rc8 15. f3 h5 16. Nd3 Rc7 17. Bf4 Bxd3 18. Qxd3 Rd7 19. Kh1 Nfe8 20. Na4 Rc7 21. Nb6 Bf6 22. Re2 Ng7 23. g4 hxg4 24. fxg4 Nb5 25. Be5 Nd6 26. Rf1 Nge8 27. h4 Kg7 28. Kg2 Rh8 29. h5 gxh5 30. g5 Bxe5 31. dxe5 Nb5 32. Ref2 e6 33. Rxf7+ Rxf7 34. Rxf7+ Kxf7 35. dxe6+ Ke7 36. Nd5+ Kxe6 37. Nf4+ Ke7 38. Ng6# 1-0

[Event "Stuttgart-chA op"]
[Site "Ditzingen"]
[Date "2015.05.15"]
[Round "3"]
[White "Khadempour, Farhad"]
[Black "Hirtreiter, Pierre"]
[Result "1-0"]
[WhiteElo "2139"]
[BlackElo "2027"]
[PlyCount "95"]
[EventDate "2015.05.14"]
[EventType "swiss"]
[EventRounds "7"]
[EventCountry "GER"]
[SourceTitle "EXT 2018"]
[Source "ChessBase"]
[SourceDate "2017.10.13"]
[SourceVersion "1"]
[SourceVersionDate "2017.10.13"]
[SourceQuality "1"]

1. Nf3 Nf6 2. c4 d6 3. d4 g6 4. b3 Bg7 5. Bb2 0-0 6. Nc3 Nc6 7. d5 Nb8 8. g3 e6 9. dxe6 Bxe6 10. Bg2 Nc6 11. 0-0 h6 12. Nd4 Nxd4 13. Qxd4 Nd5 14. Qd2 Nxc3 15. Bxc3 Bxc3 16. Qxc3 Qc8 17. Rfd1 Kh7 18. Rd4 f5 19. Rad1 Rb8 20. c5 dxc5 21. Qxc5 b6 22. Qc6 Rf7 23. Rd8 Qxd8 24. Rxd8 Rxd8 25. Qxe6 Rd1+ 26. Bf1 Rfd7 27. Kg2 a5 28. e4 R1d6 29. Qe5 fxe4 30. Qxe4 Rf7 31. Bc4 Rg7 32. h4 h5 33. a4 Rgd7 34. Qe8 Rg7 35. Qf8 Rc6 36. Kh3 Rc5 37. Be6 Re5 38. Qe8 Rc5 39. f3 Rc3 40. Bd5 Rc5 41. Be4 Rg8 42. Qe6 Rg7 43. g4 hxg4+ 44. fxg4 Rc3+ 45. Kg2 Rc5 46. h5 Kh6 47. Bxg6 Kg5 48. Bf5 1-0

[Event "Stuttgart-chA int"]
[Site "Ditzingen"]
[Date "2013.05.12"]
[Round "7"]
[White "Ortmann, David"]
[Black "Khadempour, Farhad"]
[Result "1-0"]
[WhiteElo "2302"]
[BlackElo "2161"]
[PlyCount "93"]
[EventDate "2013.05.09"]
[EventType "swiss"]
[EventRounds "7"]
[EventCountry "GER"]
[SourceTitle "EXT 2014"]
[Source "ChessBase"]
[SourceDate "2013.11.20"]
[SourceVersion "1"]
[SourceVersionDate "2013.11.20"]
[SourceQuality "1"]

1. Nf3 c5 2. c4 Nf6 3. Nc3 d5 4. cxd5 Nxd5 5. d4 Nxc3 6. bxc3 cxd4 7. cxd4 e5 8. e4 exd4 9. Bb5+ Bd7 10. Bc4 Bb4+ 11. Bd2 Bxd2+ 12. Qxd2 0-0 13. 0-0 Nc6 14. Nxd4 Nxd4 15. Qxd4 Bc6 16. Bd5 Bxd5 17. exd5 Qd6 18. Rfd1 Rfd8 19. Rd3 Rd7 20. Rad1 b6 21. h4 Re8 22. g3 Rc7 23. a3 h5 24. Qb4 Rc5 25. a4 Re5 26. Qf4 f6 27. Kg2 a5 28. Re3 b5 29. axb5 Rxb5 30. Rxe5 fxe5 31. Qc4 Rc5 32. Qa4 Kf7 33. Qe4 g6 34. Rd3 Kg7 35. Kh2 Rb5 36. Qc4 Rc5 37. Qb3 Kh6 38. Qb7 Rc7 39. Qa8 Rf7 40. Kg2 Qf6 41. Rd2 e4 42. d6 Rd7 43. Qe8 Qf3+ 44. Kh2 Qf5 45. Qh8+ Rh7 46. Qxh7+ Kxh7 47. d7 1-0

[Event "Stuttgart-chA int"]
[Site "Ditzingen"]
[Date "2013.05.11"]
[Round "5"]
[White "Khadempour, Farhad"]
[Black "Probst, Alexander"]
[Result "1-0"]
[WhiteElo "2161"]
[BlackElo "1972"]
[PlyCount "127"]
[EventDate "2013.05.09"]
[EventType "swiss"]
[EventRounds "7"]
[EventCountry "GER"]
[SourceTitle "EXT 2014"]
[Source "ChessBase"]
[SourceDate "2013.11.20"]
[SourceVersion "1"]
[SourceVersionDate "2013.11.20"]
[SourceQuality "1"]

1. c4 e5 2. Nc3 Nf6 3. Nf3 Nc6 4. e4 Bc5 5. Nxe5 Nxe5 6. d4 Bb4 7. dxe5 Nxe4 8. Qd4 Nxc3 9. bxc3 Be7 10. Bd3 d6 11. Bf4 0-0 12. 0-0 dxe5 13. Bxe5 f6 14. Bf4 Bd6 15. Qd5+ Kh8 16. Bxd6 Qxd6 17. Qxd6 cxd6 18. Be4 Re8 19. Rfe1 Rb8 20. Bd5 Bf5 21. Rxe8+ Rxe8 22. Bxb7 Re2 23. h3 Kg8 24. a4 Kf7 25. a5 Ke7 26. a6 Rc2 27. Ra3 Rb2 28. Ra5 Bd7 29. c5 Rb5 30. cxd6+ Kxd6 31. Ra3 Bc6 32. Bc8 Rb1+ 33. Kh2 Rb2 34. Kg3 g5 35. Bg4 Be8 36. Bc8 Bc6 37. Bg4 Be8 38. Bf3 h5 39. c4 h4+ 40. Kg4 Bd7+ 41. Kh5 Bf5 42. Ra5 Ke6 43. Bd5+ Kd6 44. f4 Rb8 45. Kh6 gxf4 46. Kg7 Ke5 47. Bf7+ Ke4 48. Kxf6 Rb6+ 49. Kg5 Bc8 50. Bd5+ Ke3 51. Ra3+ Kd4 52. Kxf4 Bxa6 53. Kg5 Bxc4 54. Bxc4 Kxc4 55. Kxh4 Rb7 56. g4 Kb4 57. Ra1 Rc7 58. g5 a5 59. Kg4 a4 60. g6 a3 61. h4 Kb3 62. h5 Kb2 63. Rxa3 Kxa3 64. h6 1-0

[Event "Stuttgart-chA int"]
[Site "Ditzingen"]
[Date "2013.05.11"]
[Round "6"]
[White "Khadempour, Farhad"]
[Black "Tuncer, Ufuk"]
[Result "1-0"]
[WhiteElo "2161"]
[BlackElo "2328"]
[PlyCount "61"]
[EventDate "2013.05.09"]
[EventType "swiss"]
[EventRounds "7"]
[EventCountry "GER"]
[SourceTitle "EXT 2014"]
[Source "ChessBase"]
[SourceDate "2013.11.20"]
[SourceVersion "1"]
[SourceVersionDate "2013.11.20"]
[SourceQuality "1"]

1. e4 c5 2. Nf3 d6 3. d4 Nf6 4. Nc3 cxd4 5. Nxd4 a6 6. Be2 e5 7. Nb3 Be7 8. Be3 Be6 9. Nd5 Bxd5 10. exd5 Nbd7 11. 0-0 0-0 12. c4 Rc8 13. Rc1 Re8 14. f3 Nf8 15. Qd2 N6d7 16. Rfd1 h6 17. Qb4 b6 18. Na1 a5 19. Qd2 Bg5 20. Nc2 Ng6 21. Na3 e4 22. f4 Nxf4 23. Bxf4 e3 24. Qd4 Bf6 25. Qd3 Bxb2 26. Nb5 Nc5 27. Qf5 g6 28. Qh3 Qf6 29. Bxe3 Bxc1 30. Bxc1 Ne4 31. Rf1 1-0

[Event "Stuttgart-chA int"]
[Site "Ditzingen"]
[Date "2013.05.09"]
[Round "2"]
[White "Khadempour, Farhad"]
[Black "Schmidt, Tobias"]
[Result "1-0"]
[WhiteElo "2161"]
[BlackElo "1924"]
[PlyCount "79"]
[EventDate "2013.05.09"]
[EventType "swiss"]
[EventRounds "7"]
[EventCountry "GER"]
[SourceTitle "EXT 2014"]
[Source "ChessBase"]
[SourceDate "2013.11.20"]
[SourceVersion "1"]
[SourceVersionDate "2013.11.20"]
[SourceQuality "1"]

1. c4 e5 2. Nc3 Nf6 3. Nf3 Nc6 4. e4 Bc5 5. Nxe5 Nxe5 6. d4 Bd6 7. c5 Bxc5 8. dxe5 Ng8 9. Qg4 Kf8 10. Qf3 Ne7 11. Bc4 Qe8 12. Bf4 a6 13. 0-0 b5 14. Bb3 Bb7 15. Nd5 Bb6 16. Rad1 Ng6 17. Nxb6 cxb6 18. Bg3 Kg8 19. Rd6 Bc6 20. h4 Nf8 21. Rfd1 h6 22. Qf5 g6 23. Qg4 Kh7 24. h5 Rg8 25. hxg6+ Rxg6 26. Qf5 Ne6 27. Bd5 Ng7 28. Qf3 Rxd6 29. exd6 Bxd5 30. Rxd5 Rc8 31. Re5 Ne6 32. Qf5+ Kg7 33. Bh4 Rc1+ 34. Kh2 Qg8 35. Qf6+ Kh7 36. Rf5 Nc5 37. Qe7 Kg6 38. Rf6+ Kg7 39. Qe5 Kh7 40. Qf4 1-0

[Event "Oberliga Wuerttemberg 1011"]
[Site "Wuerttemberg"]
[Date "2010.11.28"]
[Round "4"]
[White "Khadempour, Farhad"]
[Black "Weiss, Oliver"]
[Result "0-1"]
[WhiteElo "2156"]
[BlackElo "2210"]
[PlyCount "68"]
[EventDate "2010.09.26"]
[EventType "team-tourn"]
[EventRounds "9"]
[EventCountry "GER"]
[SourceTitle "EXT 2019"]
[Source "ChessBase"]
[SourceDate "2018.10.10"]
[SourceVersion "1"]
[SourceVersionDate "2018.10.10"]
[SourceQuality "1"]
[WhiteTeam "Tuebingen"]
[BlackTeam "Biberach"]
[WhiteTeamCountry "GER"]
[BlackTeamCountry "GER"]

1. e4 e6 2. d4 d5 3. exd5 exd5 4. Nf3 Nc6 5. c3 Bd6 6. Bd3 Nge7 7. 0-0 Bg4 8. Nbd2 Qd7 9. b4 0-0 10. Re1 Bf5 11. Nf1 Bxd3 12. Qxd3 Qf5 13. Qe2 Ng6 14. Ng3 Qg4 15. a4 Qd7 16. Qb5 Bf4 17. Bxf4 Nxf4 18. Re3 a6 19. Qf1 f6 20. Rae1 Rfe8 21. Nd2 Ne7 22. a5 Kf7 23. Nb3 b6 24. Ra1 Neg6 25. axb6 cxb6 26. Rxa6 Nh4 27. Rxb6 Nhxg2 28. Nc5 Nxe3 29. fxe3 Nh3+ 30. Kh1 Qg4 31. Na6 Rxe3 32. Rb7+ Kf8 33. b5 Re1 34. Rb8+ Rxb8 0-1

[Event "Oberliga Wuerttemberg 0910"]
[Site "Wuerttemberg"]
[Date "2010.01.31"]
[Round "6.4"]
[White "Schulze, Andreas"]
[Black "Khadempour, Farhad"]
[Result "1-0"]
[WhiteElo "2186"]
[BlackElo "2122"]
[PlyCount "33"]
[EventDate "2009.10.11"]
[EventType "team-tourn"]
[EventRounds "9"]
[EventCountry "GER"]
[SourceTitle "EXT 2019"]
[Source "ChessBase"]
[SourceDate "2018.10.10"]
[SourceVersion "1"]
[SourceVersionDate "2018.10.10"]
[SourceQuality "1"]
[WhiteTeam "Ulm Post"]
[BlackTeam "Tuebingen"]
[WhiteTeamCountry "GER"]
[BlackTeamCountry "GER"]

1. e4 c6 2. Nf3 d5 3. Nc3 Bg4 4. h3 Bh5 5. exd5 cxd5 6. Bb5+ Nc6 7. g4 Bg6 8. Ne5 Qd6 9. d4 a6 10. Bxc6+ bxc6 11. Bf4 Qf6 12. Qd2 h6 13. Na4 e6 14. Qc3 Qxf4 15. Qxc6+ Ke7 16. Nc5 Rd8 17. Nxg6+ 1-0

[Event "Oberliga Wuerttemberg 0910"]
[Site "Wuerttemberg"]
[Date "2009.12.20"]
[Round "4.4"]
[White "Behm, Simon"]
[Black "Khadempour, Farhad"]
[Result "1-0"]
[WhiteElo "2138"]
[BlackElo "2122"]
[PlyCount "77"]
[EventDate "2009.10.11"]
[EventType "team-tourn"]
[EventRounds "9"]
[EventCountry "GER"]
[SourceTitle "EXT 2019"]
[Source "ChessBase"]
[SourceDate "2018.10.10"]
[SourceVersion "1"]
[SourceVersionDate "2018.10.10"]
[SourceQuality "1"]
[WhiteTeam "Stuttgart Wolfbusch"]
[BlackTeam "Tuebingen"]
[WhiteTeamCountry "GER"]
[BlackTeamCountry "GER"]

1. d4 Nf6 2. c4 e6 3. Nc3 Bb4 4. Qc2 0-0 5. a3 Bxc3+ 6. Qxc3 b6 7. Bg5 Bb7 8. e3 d6 9. Ne2 Nbd7 10. Qc2 h6 11. Bh4 Qe7 12. Nc3 c5 13. Be2 Rac8 14. 0-0 Rfd8 15. b4 a6 16. Qb2 cxd4 17. exd4 Rc7 18. a4 e5 19. d5 g5 20. Bg3 Rdc8 21. h4 Kg7 22. Nd1 Nxd5 23. cxd5 Rc2 24. Qb3 Rxe2 25. Qd3 Rcc2 26. Ne3 Rcd2 27. Nf5+ Kf6 28. Qxe2 Rxe2 29. Nxe7 Kxe7 30. a5 b5 31. Rfc1 Kd8 32. Rc3 Nf6 33. Rd1 Rb2 34. Rf3 Ke7 35. Bxe5 dxe5 36. d6+ Kd7 37. Rxf6 Bc6 38. Rxf7+ Kd8 39. d7 1-0

[Event "Budapest FS07 IM-A"]
[Site "Budapest"]
[Date "2009.07.11"]
[Round "8"]
[White "Khadempour, Farhad"]
[Black "Nazarenus, Olaf"]
[Result "1-0"]
[WhiteElo "2180"]
[BlackElo "2154"]
[PlyCount "51"]
[EventDate "2009.07.04"]
[EventType "tourn"]
[EventRounds "11"]
[EventCountry "HUN"]
[SourceTitle "CBM 131 Extra"]
[Source "ChessBase"]
[SourceDate "2009.09.03"]
[SourceVersion "2"]
[SourceVersionDate "2009.09.16"]
[SourceQuality "1"]

1. e4 c5 2. Nf3 g6 3. d4 cxd4 4. Nxd4 Bg7 5. Nc3 Nc6 6. Be3 Nf6 7. Bc4 0-0 8. Bb3 Ng4 9. Qxg4 Nxd4 10. Qd1 Nxb3 11. axb3 a6 12. 0-0 Rb8 13. Nd5 b5 14. Ba7 Rb7 15. Rxa6 e6 16. Nc3 b4 17. Na4 Qh4 18. Bc5 Re8 19. Re1 f5 20. e5 Rc7 21. Rb6 Bf8 22. Rxb4 f4 23. Bxf8 Rxf8 24. Nc3 Rf5 25. Qf3 Rh5 26. h3 1-0